02178 a2200289 45000010006000000050017000060080041000230030015000640400040000790800099001192450055002180200022002732500012002952640034003073000025003415050565003660410008009319420007009395900036009461000024009828560095010069990015011019520133011169520235012499520230014849520174017144230820260407155712.0260407a2015 arg spa dAR-UNSa-BCEJYS aAR-UNSa-BCEJYSbspacAR-UNSa-BCEJYS a657.36xBalances de comprobación (balance estimativo). Balances de saldo. Balance intermedio10aBalancespguía práctica para su presentación a978-987-01-1906-7 a3a. ed. 1aBuenos Aires :bErreparc2015 axxii, 382 p.c27 cm. a1. Aspectos conceptuales - 2. Estado de situación patrimonial - 3. Estado de resultados - 4. Estado de evolución del patrimonio neto - 5. Estado de flujo de efectivo - 6. Información complementaria - 7. Memoria - 8. Caso práctico integral - 9. Formalidades de presentación - 10. Entes sin fines de lucro - 11. Cooperativas - 12. Análisis de estados contables - 13. Normas internacionales de contabilidad e información financiera - 14. Balance social - 15. Libros contables y societarios. Formalidades y contenido - 16. Información por segmentos aspa cBK aniveau_biblio:m niveau_hierar:01 aOrieta, Rosa Mariel41uhttps://biblioeco.unsa.edu.ar/pmb/images/libros/L126558.jpgyImagen de portadaqimage/jpeg c3595d3595 00104070aBCEJYSbBCEJYSc16d2026-04-07l0o657.36 O69 3ed.pL126558r2026-04-07 15:57:12w2026-04-07yLzPÁG 11 CON MANCHA 00104070aBCEJYSbBCEJYSc16d2026-04-07l0o657.36 O69 3ed.pL126559r2026-04-07 15:57:12w2026-04-07yLzMANCHAS EN PÁGINAS 7 A 10,35 A 42,52,108,142,144,146 - LÁPIZ LEVE - CANTO CON ROJO Y LÁPIZ - ÚLTIMA PÁG PARTIDA 00104070aBCEJYSbBCEJYSc16d2026-04-07l0o657.36 O69 3ed.pL126560r2026-04-07 15:57:12w2026-04-07yLzPÁG XIII CON DEFECTOS - PÁG 259 MANCHADA CON FLUOR - ÚLTIMAS HOJAS UN POCO HÚMEDAS - PÁG 53 Y 43 MANCHADAS 00104070aBCEJYSbBCEJYSc16d2026-04-07l0o657.36 O69 3ed.pL126561r2026-04-07 15:57:12w2026-04-07yLzLÁPIZ LEVE EN PÁG 107 - PÁG 78 A 89 Y 5 A 10 MANCHADAS